Guess the Sabrina Carpenter song #6 - Statistics

General Stats
  • This quiz has been taken 272 times
  • The average score is 232 of 342
Answer Stats
% Correct
I
96%
I)
96%
you
95%
You
95%
you,
95%
a
94%
the
89%
me
87%
me,
87%
love
82%
and
79%
to
79%
your
79%
it
78%
who
78%
so
75%
in
74%
know
74%
then
74%
we
74%
have
73%
Have
73%
my
73%
I'm
72%
on
72%
is
70%
Don't
69%
for
68%
just
68%
Juno
67%
Oh
67%
Oh,
67%
(Oh)
67%
(Oh,
67%
If
66%
if
66%
like
66%
make
66%
hear
65%
but
64%
fall
64%
One
64%
one?
64%
one
64%
of
63%
tell
63%
Tell
63%
let
62%
Let
62%
this
62%
wanna
62%
Wanna
62%
want
62%
try
61%
are
60%
ever
60%
at
59%
baby,
59%
baby
59%
life
59%
right,
59%
get
58%
might
58%
(Might)
58%
touch
58%
way
58%
knows?
57%
down
56%
Give
56%
night,
55%
only,
55%
only
55%
though?
55%
tried
55%
some
54%
two
54%
yeah,
54%
'bout
53%
Can't
53%
God
53%
out
53%
ah
52%
(Ah
52%
ah)
52%
bless
52%
cute,
52%
fuckin'
52%
thinking
52%
babe,
51%
dad's
51%
feel
51%
friends,
51%
genetics,
51%
Hold
51%
late
51%
thing
50%
tonight
50%
up
50%
fuzzy
49%
handcuffs?
49%
horny
49%
pink
49%
positions?
49%
come
48%
explore
48%
freaky
48%
Adore
47%
ass
47%
high
47%
Mark
47%
package,
47%
fived
46%
knockin',
46%
Sorry
46%
territory
46%
Whole
46%
more
45%
than
45%
hot
44%
lock
44%
butterflies
43%
fit
43%
showed
41%
myself,
40%
help
39%
hormonеs
1%
objеctified
1%
No matching quizzes found
Score Distribution
Percent of People with Each Score
Percentile by Number Answered
Your Score History
You have not taken this quiz